MARC

LEADER 00000nam0a2200000 4500
001 171707
005 20231031164041.0
035 |a (RuTPU)RU\TPU\book\186172 
090 |a 171707 
100 |a 20091208d1958 m y0rusy50 ca 
101 0 |a rus 
102 |a RU 
105 |a a z 001zy 
200 1 |a Русловой процесс  |e основы теории  |f М. А. Великанов 
210 |a Москва  |c Физматгиз  |d 1958 
215 |a 395 с.  |c ил. 
320 |a Библиогр.: с. 378-380. 
610 1 |a русловые потоки 
610 1 |a русловые процессы 
610 1 |a наносы 
610 1 |a русловые формы 
610 1 |a изменчивость 
610 1 |a турбулентные пульсации 
610 1 |a гидродинамика 
610 1 |a циркуляция 
610 1 |a энергобалансы 
675 |a 532.543  |v 3 
700 1 |a Великанов  |b М. А.  |g Михаил Андреевич 
801 1 |a RU  |b 63413507  |c 20091208 
801 2 |a RU  |b 63413507  |c 20120117  |g RCR 
942 |c BK